logo

Bir Sreshtho Munshi Abdur Rouf Library
Jhenaidah Cadet College

Rural women and state policy : (Record no. 8800)

MARC details
000 -LEADER
fixed length control field 02537cam a2200361 a 4500
001 - CONTROL NUMBER
JCCL Control Number 8800
003 - CONTROL NUMBER IDENTIFIER
JCCL marc code BD-JhCC
005 - DATE AND TIME OF LATEST TRANSACTION
control field 20180304102332.0
008 - FIXED-LENGTH DATA ELEMENTS--GENERAL INFORMATION
fixed length control field 870320s1987 cou b 101 0 eng
020 ## - INTERNATIONAL STANDARD BOOK NUMBER
International Standard Book Number 0813373913 (alk. paper)
020 ## - INTERNATIONAL STANDARD BOOK NUMBER
International Standard Book Number 0813373905 (pbk. : alk. paper)
035 ## - SYSTEM CONTROL NUMBER
system control number (BD-JhCC)8800
040 ## - CATALOGING SOURCE
Original cataloging agency DLC
Transcribing agency DLC
Modifying agency DLC
-- BD-JhCC
041 ## - LANGUAGE CODE
Language code of Book eng
050 00 - LIBRARY OF CONGRESS CALL NUMBER
Classification number HQ1240.5.L29
Item number R87 1987
082 00 - DEWEY DECIMAL CLASSIFICATION NUMBER
Classification number 305.4/2/098
DDC Edition number 19
Author mark and Year RUR 1987
245 00 - TITLE STATEMENT
Title Rural women and state policy :
Remainder of title feminist perspectives on Latin American agricultural development /
Statement of responsibility, etc edited by Carmen Diana Deere and Magdalena León.
260 ## - PUBLICATION, DISTRIBUTION, ETC. (IMPRINT)
Place of publication, distribution, etc Boulder :
Name of publisher, distributor, etc Westview Press,
Date of publication, distribution, etc 1987.
300 ## - PHYSICAL DESCRIPTION
Pagination xii, 282 p. ;
Dimensions 24 cm.
440 #0 -
Title Series in Political economy and economic development in Latin America
500 ## - GENERAL NOTE
General note "Papers presented at a symposium convened in conjunction with the 45th International Congress of Americanists, held in Bogotá, Colombia, July 1985."
504 ## - BIBLIOGRAPHY, ETC. NOTE
Bibliography, etc Includes bibliographies and index.
505 0# - FORMATTED CONTENTS NOTE
Formatted contents note Rural women and the neo-liberal model in Chile / Maria Soledad Lago -- Agricultural development, the economic crisis, and rural women in the Dominican Republic / Belkis Mones and Lydia Grant -- The social invisibility of women's work in Brazilian agriculture / Cheywa R. Spindel -- Mexican agricultural development policy and its impact on rural women / Lourdes Arizpe and Carlota Botey -- Columbia agricultural policies and the debate on policies toward rural women / Magdalena León -- Women, development, and the state in rural Ecuador / Lynne Phillips -- Impact of the Sandinista agrarian reform on rural women's subordination / Martha Luz Padilla, Clara Murguialday, and Ana Criquillon -- Women on the agenda / Jean Stubbs and Mavis Alvarez -- The Latin American agrarian reform experience / Carmen Diana Deere -- Women's components in integrated rural development projects / Elsa M. Chaney -- Income generation projects for rural women / Cornelia Butler Flora -- Rural women and migration in Latin America / Maria de los Angeles Crummett.
650 #0 - SUBJECT ADDED ENTRY--TOPICAL TERM
Topical term or geographic name as entry element Women in rural development
Geographic subdivision Latin America
General subdivision Congresses.
650 #0 - SUBJECT ADDED ENTRY--TOPICAL TERM
Topical term or geographic name as entry element Rural development projects
Geographic subdivision Latin America
General subdivision Congresses.
650 #0 - SUBJECT ADDED ENTRY--TOPICAL TERM
Topical term or geographic name as entry element Women in agriculture
Geographic subdivision Latin America
General subdivision Congresses.
650 #0 - SUBJECT ADDED ENTRY--TOPICAL TERM
Topical term or geographic name as entry element Agriculture and state
Geographic subdivision Latin America
General subdivision Congresses.
700 1# - ADDED ENTRY--PERSONAL NAME
Personal name Deere, Carmen Diana.
700 2# - ADDED ENTRY--PERSONAL NAME
Personal name León de Leal, Magdalena.
711 2# - ADDED ENTRY--MEETING NAME
Meeting name or jurisdiction name as entry element International Congress of Americanists
Number of part/section/meeting (45th :
Date of meeting 1985 :
Location of meeting Bogotá, Colombia)
942 ## - ADDED ENTRY ELEMENTS (KOHA)
Source of classification or shelving scheme Dewey Decimal Classification
Koha item type Books
Holdings
Source of classification or shelving scheme Damaged status Not for loan Home library Current library Shelving location Total Checkouts Full call number Barcode Date last seen Copy number Koha item type
Dewey Decimal Classification     JCC Rouf Library JCC Rouf Library General Stacks   305.4/2/098 RUR 1987 11764 03/04/2018 C - 1 Books

JCC Library | Contacts | JCC Home

Last Update on 23 September 2017
Copyright @ 2017-2020 JCC Rouf Library
Rouf Library, Jhenidah Cadet College (JCC), Bangladesh